000 00341 a2200157 4500
001 154143
040 _cEscola São Tomás de Aquino
100 _aALBUQUERQUE, Aníbal
240 1 0 _aAtalaia
_lpor
245 1 0 _aAtalaia
300 _a123
362 0 _a1996
440 1 _aJoão Scortecci
697 _aLITERATURA BRASILEIRA
942 _cBK
999 _c154143
_d154143